000 00481nam a22001697a 4500
005 20231117085946.0
008 231117b |||||||| |||| 00| 0 eng d
020 _a9780409078305
041 _aEnglish
082 _a343.4 VAL
100 _lEnglish
245 _aValue-Added Tax in South Africa: Legislation
260 _aDurban :
_bLexisNexis (Pty) Ltd,
_c2021
300 _bxi,
_c26 cm.
650 _aLegal practice
_bLaw
942 _cBK
_6ALISON_BN_VRIES
999 _c755
_d755